Представление документа в формате MARC21

Поле Инд. ПП Название Значение
Тип записи a
Библиографический уровень b
001 Контрольный номер RU/IS/BASE/185553724
005 Дата корректировки 20220715140316.4
008 Кодируемые данные 20051117
084 a Индекс другой классификации/Индекс ББК 66.3(2Рос.Чеч),5
a Индекс другой классификации/Индекс ББК 60.561.3
a Индекс другой классификации/Индекс ББК 60.545.1
100 1_ a Автор Русанова О. А.
q Полное имя Русанова Ольга Анатольевна
245 a Заглавие Этнорелигиозный экстремизм как социальное явление в российском обществе (на примере Северокавказского региона)
504 a Библиография Библиогр. ссылки. - Примеч.
650 a Основная рубрика внутренняя политика
a Основная рубрика политика
a Основная рубрика политическая социология
a Основная рубрика социология
a Основная рубрика этносоциология
a Основная рубрика социология групп
653 a Ключевые слова ваххабизм
a Ключевые слова Дагестан
a Ключевые слова ислам (мусульманство)
a Ключевые слова исламский экстремизм
a Ключевые слова национальная политика (этнополитика)
a Ключевые слова национальные отношения
a Ключевые слова религиозный экстремизм
a Ключевые слова Россия
a Ключевые слова Северный Кавказ
a Ключевые слова Чечня
a Ключевые слова экстремизм
a Ключевые слова этнический экстремизм
a Ключевые слова этническое взаимодействие
a Ключевые слова этнорелигиозные конфликты
a Ключевые слова этнорелигиозные отношения
a Ключевые слова этнорелигиозный терроризм
773 t Заглавие источника Вестник Московского университета. Серия 18, Социология и политология
d Дата издания источника 2005
g Прочая информация № 2. - С. 108 - 123
w Контрольный № источника RU/IS/BASE/177609356
901 t Тип документа b